LEADER 02429oas 2200949 a 450 001 9910143378403321 005 20260218110805.0 011 $a2330-9679 035 $a(DE-599)ZDB2432685-9 035 $a(OCoLC)228142903 035 $a(CONSER) 2008247639 035 $a(CKB)954927516540 035 $a(DE-599)2432685-9 035 $a(DE-599)2463871-7 035 $a(EXLCZ)99954927516540 100 $a20080516b19281970 uy a 101 0 $aeng 135 $aur||||||||||| 181 $ctxt$2rdacontent 182 $cc$2rdamedia 183 $acr$2rdacarrier 200 00$aAmerican journal of public health and the nation's health 210 $aNew York, N.Y. $cAmerican Public Health Association 300 $aRefereed/Peer-reviewed 311 08$a0002-9572 517 1 $aJournal of public health 517 1 $aAJPH 606 $aPublic health$vPeriodicals 606 $aPublic Health 606 $aSante? publique$3(CaQQLa)201-0001294$vPe?riodiques$3(CaQQLa)201-0378307 606 $aSante? publique$3(CaQQLa)201-0001294 606 $apublic health$2aat$3(CStmoGRI)aat300132827 606 $aPublic health$2fast$3(OCoLC)fst01082238 606 $aGezondheidszorg$2gtt 608 $aPeriodical. 608 $aPeriodicals.$2fast 608 $aPeriodicals.$2lcgft 608 $aPeriodicals.$2rbgenr 615 0$aPublic health 615 12$aPublic Health. 615 6$aSante? publique 615 6$aSante? publique. 615 7$apublic health. 615 7$aPublic health. 615 17$aGezondheidszorg. 676 $a363 712 02$aAmerican Public Health Association 801 0$bSBH 801 1$bSBH 801 2$bSBH 801 2$bBUF 801 2$bCUD 801 2$bOCLCS 801 2$bHEBIS 801 2$bOCLCE 801 2$bOCLCQ 801 2$bDLC 801 2$bOCLCF 801 2$bOCLCO 801 2$bOCLCQ 801 2$bOCLCO 801 2$bOCLCQ 801 2$bOCLCA 801 2$bAU@ 801 2$bOCLCO 801 2$bWYU 801 2$bVT2 801 2$bCUI 801 2$bOCLCQ 801 2$bOCLCO 801 2$bQGK 801 2$bOCLCQ 801 2$bCRL 801 2$bZ5A 801 2$bUAB 801 2$bAPAHS 801 2$bS2H 801 2$bOCLCL 906 $aJOURNAL 912 $a9910143378403321 996 $aAmerican journal of public health and the nation's health$92246083 997 $aUNINA